000 nam a22 7a 4500
999 _c328948
_d328948
003 Nust
005 20170419165926.0
008 170419b xxu||||| |||| 00| 0 eng d
040 _cDLC
082 _a327.73054
_bTAL
245 _aEngaging India diplomacy: democracy and the bomb /
_cStrobe Talbott
260 _aNew Delhi :
_bPenguin group
_c2004
300 _a267p. :
_bill. ;
_c25cm
942 _2ddc
_cBK